000 00679nam a2200253Ia 4500
003 OSt
005 20220918191826.0
006 a|||||r|||| 00| 0
007 ta
008 220917b |||||||| |||| 00| 0 eng d
024 _a65,329
037 _cTextual
040 _aARTS
_cARTS
_beng
041 _2eng
_aeng
082 _aQ8441:(G), N2
100 _aHira Bhagat Singh
_954261
245 0 _aSemitic religious thought and Sikhism
260 _aDelhi
_bNational Book Shop
_c1992
300 _axii,376p.
_ccm.
500 _aBib; Includes index
650 _aRELIGION
942 _hQ8441:(G), N2
_cTEXL
_2CC
999 _c191578
_d191578